Die lexikographische Beschreibung und kontrastive Analyse der Kollokation auf Hausse spekulieren

Saved in:
Bibliographic Details
Main Author: Kalaš, Filip, 1993-
Format: Book Chapter
Language:German
Subjects:
Tags: Add Tag
No Tags, Be the first to tag this record!

MARC

LEADER 00000naa$a2200000$$$4500
001 0281978
005 20240417075153.8
041 0 |a ger 
044 |a DE 
245 1 0 |a Die lexikographische Beschreibung und kontrastive Analyse der Kollokation auf Hausse spekulieren  |c Filip Kalaš 
610 2 0 |a jazyky cudzie 
610 2 0 |a nemčina 
610 2 0 |a jazykoveda 
100 1 |a Kalaš, Filip, 1993-